Normal view MARC view
  • Bacteriophages

Entry Uniform Title

Number of records used in: 2

001 - CONTROL NUMBER

  • control field: 3251

003 - CONTROL NUMBER IDENTIFIER

  • control field: NUST

005 - DATE AND TIME OF LATEST TRANSACTION

  • control field: 20170712131020.0

008 - FIXED-LENGTH DATA ELEMENTS

  • fixed length control field: 170712|| aca||aabn | a|a d

040 ## - CATALOGING SOURCE

  • Original cataloging agency: NUST
  • Transcribing agency: NUST

130 ## - HEADING--UNIFORM TITLE

  • Uniform title: Bacteriophages

670 ## - SOURCE DATA FOUND

  • Source citation: Work cat.: (NUST): Muhsin Jamala 3250, TH-PhD-Isolation and characterization of bacteriophages and their potential to control bacterial biofilm
© 2023 Central Library, National University of Sciences and Technology. All Rights Reserved.